zpět

Detail výsledku týmu

Žumpa Pivnice, Ústí nad Labem

Datum a čas kvízu

19 Celkem bodů Celkový počet nahraných bodů na tomto kvízu bez doplňovacích otázek.
7. Pořadí na kvízu Konečné umístění týmu na tomto kvízu.

Zaznamenané odpovědi

# Otázka Odpověď Body Výsledky
1. Centrum pro výzkum veřejného m... 1B 2C 3A 4D 0
2. Zatímco porodní oddělení jisté... Maine 0
3. Po deseti letech výstavby otev... o Kataru 1
4. Tři moravské pivovary přestan... Litovel, Zubr, Holba 0
5. 37letý záložník, hráč klubu AC... Marek Matějovský 0
6. Vaším úkolem bude uhodnout kře... Jaroslav / Tomáš Satoranský 1
7. Čtvrté nejčastější příjmení v... Petr / Pavel / Petra Svoboda 0
8. Úspěšný kanadský režisér se na... James / David Cameron 1
9. Tento anglický herec, držitel... Clive / Michael Owen 0
10. Americký politik a aktivista,... John / James / Melanie Brown 1